[Event "Det åpne NM 2011 Gruppe A"]
[Site "Quality Hotel & Resort Fagerne"]
[Date "2011.04.17"]
[Round "9"]
[White "Kyrkjebø, Erlend"]
[Black "Salomon, Johan"]
[Result "1/2-1/2"]
[WhiteElo "1963"]
[BlackElo "1889"]
[PlyCount "83"]
[EventDate "2011.??.??"]

1. e4 c5 2. Nf3 d6 3. d4 cxd4 4. Nxd4 Nf6 5. Nc3 a6 6. Bg5 Nbd7 7. f4 Qc7 8.
Qf3 h6 9. Bh4 g5 10. fxg5 hxg5 11. Bxg5 Qc5 12. Be3 Ne5 13. Qe2 Nfg4 14. Nf5
Nxe3 15. Qxe3 Qb4 16. Be2 Bxf5 17. exf5 Bh6 18. Qg3 Qxb2 19. Rb1 Qxc2 20. O-O
Rc8 21. Rb3 b5 22. Kh1 Kd7 23. Bd1 Qd2 24. Ne4 Qd4 25. Bf3 Rcg8 26. Qf2 Qxf2
27. Rxf2 Bf4 28. h3 Rc8 29. Rf1 Nc4 30. Be2 Be5 31. a4 d5 32. Rd1 Kc6 33. axb5+
axb5 34. Ng5 Bf6 35. Nxf7 Rh7 36. Bf3 Nb6 37. Rc1+ Kd7 38. Rxc8 Kxc8 39. Rxb5
Kc7 40. Nd8 Kxd8 41. Rxb6 d4 42. Rb7 1/2-1/2